Effect of direct seeding mulch-based cropping system on phosphorus and potassium the soil,(ឥទ្ធិពលនៃប្រព័ន្ធដំាដុះដំណាំគំរបដីលើកំរិតផូស្វ័រ និង ប៉ូតាស្យូមក្នុងដី) (Record no. 1235)

000 -LEADER
fixed length control field 00663nam a22001577a 4500
003 - CONTROL NUMBER IDENTIFIER
control field OSt
005 - DATE AND TIME OF LATEST TRANSACTION
control field 20150925094215.0
008 - FIXED-LENGTH DATA ELEMENTS--GENERAL INFORMATION
fixed length control field 150925b xxu||||| |||| 00| 0 eng d
040 ## - CATALOGING SOURCE
Transcribing agency RUA
082 ## - DEWEY DECIMAL CLASSIFICATION NUMBER
Classification number AGR SE 2012 B052 Or.1
100 ## - MAIN ENTRY--PERSONAL NAME
9 (RLIN) 1304
Personal name SE SOKLEAP
245 ## - TITLE STATEMENT
Title Effect of direct seeding mulch-based cropping system on phosphorus and potassium the soil,(ឥទ្ធិពលនៃប្រព័ន្ធដំាដុះដំណាំគំរបដីលើកំរិតផូស្វ័រ និង ប៉ូតាស្យូមក្នុងដី)
260 ## - PUBLICATION, DISTRIBUTION, ETC. (IMPRINT)
Place of publication, distribution, etc. phnom penh
Name of publisher, distributor, etc. RUA
Date of publication, distribution, etc. 2012
300 ## - PHYSICAL DESCRIPTION
Extent xii, 49p.
Dimensions ill.
Size of unit 29cm.
942 ## - ADDED ENTRY ELEMENTS (KOHA)
Source of classification or shelving scheme
Koha item type AGR
Holdings
Price effective from Date last seen Permanent Location Not for loan Date acquired Source of classification or shelving scheme Koha item type Lost status Withdrawn status Date last checked out Total Checkouts Shelving location Damaged status Barcode Current Location Full call number
2015-09-252019-11-05Library Block B 2015-09-25 AGR  2019-10-124B052 RUA004770Library Block BAGR SE 2012 B052 Or.1
2015-09-252024-05-08Library Block B 2015-09-25 AGR  2024-05-024B052 RUA005972Library Block BAGR SE 2012 B052 Or.2
មជ្ឈមណ្ឌលឯការនៃសាកលវិទ្យាល័យភូមិន្ទកសិកម្មចំការដូង

Powered by Koha